| 000 | 00456nam a22001697a 4500 | ||
|---|---|---|---|
| 005 | 20250716160246.0 | ||
| 008 | 250716b |||||||| |||| 00| 0 eng d | ||
| 020 | _a978-1-4080-7268-4 | ||
| 050 | _aRA778 .S64 2013 | ||
| 100 | _aSPENCER, ANDREW | ||
| 245 | _aMATHS AND ENGLISH FOR BEAUTY THERAPY | ||
| 260 |
_aUNITED KINGDOM _bCENGAGE LEARNING EMEA _c2013 |
||
| 300 | _aVI,78P.:ILL | ||
| 650 | _aBEAUTY THERAPY | ||
| 700 | _aHABIA | ||
| 942 |
_2lcc _cBK |
||
| 999 |
_c215908 _d215908 |
||